| 000 | 00448nam a2200169Ia 4500 | ||
|---|---|---|---|
| 999 |
_c29430 _d29430 |
||
| 003 | OSt | ||
| 005 | 20201202112542.0 | ||
| 008 | 190216s9999||||xx |||||||||||||| ||und|| | ||
| 040 | _coclc | ||
| 082 |
_a894.8123 _bJOY/O |
||
| 100 |
_aJoycee _96621 |
||
| 245 | 0 |
_aOrithalpoovu / _cJoycee |
|
| 260 |
_bCurrent Books, _aThrissur: |
||
| 300 | _a335p | ||
| 650 | _aMalayalam | ||
| 942 |
_cBK _2ddc _h894.8123 _iJOY/O _k894.8123 _mJOY/O |
||